000 00661nam a2200277Ia 4500
005 20260324135734.0
008 008 260324s9999 xx 000 0 eng d
020 _a9781315192079
037 _aEBOOK
040 _aCRL
040 _beng
040 _cCRL
041 _2eng
041 _aeng
084 _qCRL
100 _aChyungly Lee
_91201718
245 0 _aAsia-Europe Cooperation After the 1997-1998 Asian Turbulence
260 _bTaylor and Francis
260 _c2000
365 _a
365 _b115
856 _uhttp://www.taylorfrancis.com/books/9781315192079
942 _cEBOOK
999 _c1803119
_d1803119